00677 2200241 4500001002100000005001500021035002000036007000300056008004100059020001800100082000800118084001400126100001800140245002800158250001900186260002700205300002700232500012700259650001800386856001700404990000700421990000700428INLIS00000000000006620220126083720 a0010-0122000066ta220126 g 0 ind  a9786028822138 a004 a004 ZAI m0 aZainal Arifin1 aMengoperasikan Komputer acetakan ke - 1 aBekasi :bPijar,c2009 a48 hlm ;c17.6 x 25 cm aBuku ini adalah bagaimana mengoperasikan komputer, operasi dasar komputer, sistem operasi dan manajemen file pada windows. 4aIlmu Komputer aKoleksi Umum a69 a70